000 01034nam a2200277 i 4500
005 20260330120431.0
008 260329t20252025my dao gr 000 0bmay d
020 _a9786299555810
_cRM25.00
_qpaperback
040 _aPPAK
_beng
_cPPAK
_erda
082 0 4 _223
_a070.593
090 0 0 _a070.593
_bSHA
_dG
100 0 _aShah Othman,
_eauthor.
_d1984-
245 1 0 _aINI CARANYA Swaterbit BUKU SENDIRI :
_bInspirasi untuk penulis swaterbit /
_cSHAH OTHMAN ; Editor Bahasa : Editorial Mesbo Creative
264 1 _aTanjung Piandang, Perak :
_bMESBO CREATIVE,
_c2025
264 4 _c©2025
300 _a1 unnumbered page, 132 pages, 4 unnumbered pages :
_bcharts, illustrations, photographs ;
_c19 cm
336 _atext
_2rdacontent
337 _aunmediated
_2rdamedia
338 _avolume
_2rdacarrier
504 _aBibliography: page [135].
650 1 0 _aSelf-publishing
650 2 0 _aPublishers and publishing
650 2 0 _aAuthorship
710 2 _aEditorial Mesbo Creative,
_eeditor.
942 _2ddc
_cB
999 _c203557
_d203557